000 00363nam a2200145Ia 4500
008 150201s2011 xx 000 0 und d
082 _a612.3
_bN11V
100 _aVENKATRAMAN, SREEMATHY
245 _aNITRITION AND BOCHEMISTRY FOR NURSES
250 _a1ST
260 _bELSEVIER
_aDELHI
_c2011
300 _a526
650 _aNUTRITON & DIET
942 _2ddc
_cBK
_08
999 _c2306
_d2306